000 00457cam a2200181ua 4500
020 _c14.70
041 _aeng
_h
082 _a541.3
_bSHE/PH
100 _aSheehan, William F.
245 _aPhysical chemistry /
_cWilliam F Sheehan.
_hTextual Documents
260 _aNew Delhi :
_bPrentice Hall of India Pvt Ltd. ,
_c1963.
300 _a618 ; .
365 _a14.70
504 _a
942 _cBK
999 _c10726
_d10726